000
00191nam a2200073Ia 4500
008
170524s9999 xx 000 0 und d
100
_a
CHUNAWALA- S. A.
245
0
_a
Foundations of Advertising
260
_b
New Delhi: Himalya
999
_c
8580
_d
8580